|
|
|
|
| LEADER |
00000nab a2200000 a 4500 |
| 001 |
vtls001029852 |
| 003 |
SK-MaSNL |
| 005 |
20260525122317.0 |
| 008 |
040720e20010802xo 0 slo |
| 035 |
|
|
|a SL8406
|
| 040 |
|
|
|a SLLK
|b slo
|c SLLK
|e AACR2
|
| 041 |
0 |
|
|a slo
|
| 044 |
|
|
|a xo
|c SK
|
| 080 |
|
|
|a 797.27
|2 1981
|
| 080 |
|
|
|a 796.6
|2 1981
|
| 080 |
|
|
|a 796.442.16
|2 1981
|
| 100 |
1 |
|
|a Dlugolinský, Martin,
|d 1973-
|4 aut
|9 1639372
|
| 245 |
1 |
0 |
|a Slovenský pohár triatlonistov
|
| 610 |
2 |
7 |
|a Športový klub mesta Stará Ľubovňa
|2 SLLK
|9 1022431
|
| 610 |
2 |
7 |
|a ŠK Poseidon (Stará Ľubovňa, Slovensko)
|2 SLLK
|9 1022496
|
| 610 |
2 |
7 |
|a ŠKM Stará Ľubovňa (Slovensko)
|2 SLLK
|9 1022432
|
| 611 |
1 |
7 |
|a Slovenský pohár
|2 SLLK
|9 877984
|
| 650 |
0 |
7 |
|a triatlon
|2 SLLK
|9 14310
|
| 650 |
0 |
7 |
|a účasť
|2 SLLK
|9 512611
|
| 650 |
0 |
7 |
|a výsledky
|2 SLLK
|9 493505
|
| 651 |
|
7 |
|a Vyšné Ružbachy (Slovensko)
|2 SLLK
|9 22374
|
| 651 |
|
7 |
|a SL,
|2 SLLK
|9 1022390
|
| 655 |
|
7 |
|a periodikum
|2 snkbucl
|9 29553
|
| 710 |
2 |
|
|a Športový klub mesta (Stará Ľubovňa, Slovensko)
|4 aut
|9 1022433
|
| 710 |
2 |
|
|a ŠK Poseidon (Stará Ľubovňa, Slovensko)
|4 aut
|9 1022496
|
| 773 |
0 |
8 |
|t Ľubovnianske noviny
|g Roč. 27, č.30, 2.8.2001, s. 4
|
| 852 |
|
|
|a ZVYKNI
|b KIS3GCP
|
| 999 |
|
|
|c 1678170
|d 1680100
|